Joker's wild! / by Jack Oliver ; illustrated by Rick Burchett ; color by Lee Loughridge ; Batman created by Bob Kane.
Record details
- ISBN: 0439789508
- Physical Description: 1 v. (unpaged) : color illustrations ; 21 cm.
- Publisher: New York : Scholastic Inc., c2006.
Search for related items by subject
| Subject: | Batman (Fictitious character). Joker (Fictitious character). Batman (Fictitious character). |
Available copies
- 1 of 1 copy available at scottsboropl.
Holds
- 0 current holds with 1 total copy.
Show All Copies
| Location | Call Number / Copy Notes | Barcode | Shelving Location | Status | Due Date |
|---|---|---|---|---|---|
| scottsboropl | E DCS | 32269000773666 | Juvenile - Easy | Available | - |
| LDR | 01004nam a22002775a 4500 | ||
|---|---|---|---|
| 001 | 129140 | ||
| 003 | CONS | ||
| 005 | 20140703073305.0 | ||
| 008 | 060818s2006 nyua 000 c eng d | ||
| 010 | . | ‡a 2006280873 | |
| 020 | . | ‡a0439789508 | |
| 035 | . | ‡a(CPomAG)LMN498597 | |
| 042 | . | ‡alccopycat | |
| 100 | 1 | . | ‡aOliver, Jack. |
| 245 | 1 | 0. | ‡aJoker's wild! / ‡cby Jack Oliver ; illustrated by Rick Burchett ; color by Lee Loughridge ; Batman created by Bob Kane. |
| 246 | 1 | . | ‡iAt the head of title on T. p.: ‡aBatman. |
| 260 | . | ‡aNew York : ‡bScholastic Inc., ‡cc2006. | |
| 300 | . | ‡a1 v. (unpaged) : ‡bcolor illustrations ; ‡c21 cm. | |
| 650 | 1. | ‡aBatman (Fictitious character). | |
| 650 | 1. | ‡aJoker (Fictitious character). | |
| 650 | 1. | ‡aBatman (Fictitious character). | |
| 700 | 1 | . | ‡aBurchett, Rick. |
| 700 | 1 | . | ‡aKane, Bob. |
| 914 | . | ‡aScp_ds ‡dLMN_cm | |
| 959 | . | ‡i32269000773666 ‡lBR Bat ‡aJuvenile - Easy ‡tBeginning Reader ‡g18.00 | |
| 852 | . | ‡p32269000773666 ‡jBR Bat ‡gJuvenile - Easy ‡cBeginning Reader ‡y18.00 ‡bSBPL | |
| 901 | . | ‡a129140 ‡bUnknown ‡c129140 ‡tbiblio | |